Top 10 Populated countries in each continent - Statistics

General Stats
  • This quiz has been taken 21 times
  • The average score is 53 of 60
Answer Stats
Continent Answer % Correct
Asia China
100%
Africa Egypt
100%
Europe France
100%
Europe Germany
100%
Africa Nigeria
100%
Europe Russia
100%
Asia Russia
100%
Europe Spain
100%
Europe Uk
100%
S America Argentina
94%
Oceania Australia
94%
Asia Bangladesh
94%
S America Brazil
94%
North America Canada
94%
S America Chile
94%
S America Colombia
94%
Nort America Cuba
94%
Africa Ethiopia
94%
Oceania Fiji
94%
Asia India
94%
Asia Indonesia
94%
Europe Italy
94%
North America Mexico
94%
Oceania New Zealand
94%
Asia Pakistan
94%
Europe Poland
94%
Europe Romania
94%
Africa South Africa
94%
Europe Ukraine
94%
North America USA
94%
Africa Algeria
89%
Africa Congo
89%
North America Dominican Republic
89%
S America Ecuador
89%
North America Guatemala
89%
North America Honduras
89%
Asia Japan
89%
Africa Kenya
89%
S America Paraguay
89%
S America Peru
89%
Africa Tanzania
89%
Europe Turkey
89%
S America Uruguay
89%
Oceania Vanuatu
89%
S America Venezuela
89%
S America Bolivia
83%
North America Haiti
83%
Oceania Micronesia
83%
Oceania Papua New Guinea
83%
Oceania Samoa
83%
Oceania Solomon Islands
83%
Africa Sudan
83%
Oceania Tonga
83%
North America El Salvador
78%
Oceania Kiribati
78%
North America Nicaragua
78%
Asia Vietnam
78%
Asia Iran
72%
Africa Uganda
61%
Asia Phillippines
17%
No matching quizzes found
Score Distribution
Percent of People with Each Score
Percentile by Number Answered
Your Score History
You have not taken this quiz